00338nam a2200133Ia 4500008004100000020001600041041001200057082001600069100001700085245004700102260003500149300000800184650001200192221030s9999 xx 000 0 und d a81207135241 aEnglish a105.23bCho aP. N. Chopra 4aThe India You Do Not Knowcby P. N. Chopra bSterling Pub.aNew Delhic2000 a379 aGeneral